Pigmentové škvrny

Podrobná bibliografia
Hlavný autor: Sochorová, Ružena (Autor)
Médium: Článok
Jazyk:slovenčina

MARC

LEADER 00000nab a2200000ua 4500
001 vtls010751698
003 SK-MaSNL
005 20260304200606.0
008 250718s2006 xo |||||||||||||||||slo|
035 |a (urnnbn)urn:nbn:sk:snk:ar-a067y5 
035 |a (uuid)3888d15d-6cb2-45b8-a1cc-557784f8f26c 
035 |a urn:nbn:sk:snk-ab4wqn 
040 |a SNKBUCL  |b slo  |c SNKBUCL  |e AACR2 
041 0 |a slo 
044 |a xo  |c SK 
100 1 |a Sochorová, Ružena  |4 aut  |9 267241 
245 1 0 |a Pigmentové škvrny  |c Ružena Sochorová 
773 0 |t Derma revue : pokožka - vlasy - nechty - zdravie - životný štýl  |g Roč. 4, č. 3 (2006), s. 8-9 
850 |a Slovenská národná knižnica 
852 |a Slovenská národná knižnica 
954 |a odborná, vedecká literatúra pôvodná (slovenská)  |2 lita 
958 |a article3 
958 |a OND 
958 |a EUIPO 
999 |c 3089509  |d 3091439